Central Library OPAC University of Rajshahi

How to account for foreign currencies / (Record no. 54600)

MARC details
000 -LEADER
fixed length control field 00714nam a2200253 a 4500
001 - CONTROL NUMBER
control field 54600
003 - CONTROL NUMBER IDENTIFIER
rucl marc code BD-RjUL
005 - DATE AND TIME OF LATEST TRANSACTION
control field 20211209080137.0
008 - FIXED-LENGTH DATA ELEMENTS--GENERAL INFORMATION
fixed length control field 161108s1989 e ||||| |||| 00| 0 eng d
020 ## - INTERNATIONAL STANDARD BOOK NUMBER
International Standard Book Number 0333365461
035 ## - SYSTEM CONTROL NUMBER
System control number (BD-RjUL)54722
040 ## - CATALOGING SOURCE
Original cataloging agency BD-RjUL
Language of cataloging eng
Transcribing agency BD-RjUL
041 ## - LANGUAGE CODE
Language code of text/sound track or separate title eng
082 ## - DEWEY DECIMAL CLASSIFICATION NUMBER
Edition number 23
Classification number 657
Author mark and year PEH 1989
100 1# - MAIN ENTRY--PERSONAL NAME
Personal name Pearcy, Jeff
9 (RLIN) 162852
245 10 - TITLE STATEMENT
Title How to account for foreign currencies /
Statement of responsibility, etc. Jeff Pearcy
250 ## - EDITION STATEMENT
Edition statement 1st ed.
260 ## - PUBLICATION, DISTRIBUTION, ETC. (IMPRINT)
Place of publication, distribution, etc. London :
Name of publisher, distributor, etc. Macmillan,
Date of publication, distribution, etc. 1984 [ Reprint 1989].
300 ## - PHYSICAL DESCRIPTION
Pagination x, 264 p. ;
Illustrations 21 cm
504 ## - BIBLIOGRAPHY, ETC. NOTE
Bibliography, etc Includes Bibliographical References and Index
650 ## - SUBJECT ADDED ENTRY--TOPICAL TERM
Topical term or geographic name as entry element Accounting
9 (RLIN) 162853
Topical term or geographic name as entry element Foreign exchange
9 (RLIN) 162854
942 ## - ADDED ENTRY ELEMENTS (KOHA)
Source of classification or shelving scheme Dewey Decimal Classification
Koha item type Books
Holdings
Lost status Source of classification or shelving scheme Damaged status Not for loan Collection code Permanent Location Current Location Shelving location Date acquired Source of acquisition Cost, normal purchase price Total Checkouts Full call number Date last seen Copy number Koha item type
  Dewey Decimal Classification     Non-fiction Central Library, University of Rajshahi Central Library, University of Rajshahi   26/09/1991 Abacus London. 45.00   657 PEH 1989 08/11/2016 C-2 Books
  Dewey Decimal Classification   Not For Loan Non-fiction Central Library, University of Rajshahi Central Library, University of Rajshahi Reading Room 26/09/1991 Abacus, London. 45.00   657 PEH 1989 15/01/2017 C-1 Books